00657cam a22001811 450000100100000000500170001000800410002704000440006808200190011210000450013124500850017626000380026130000210029949000500032065000260037065000280039683000510042400001795620200929165307.0770208s|||| pe 000 0 spa  aDO-SdBNPcFMFIUdOCoLCdCNEdDLCdBNPHU aG863.44bA683h2 aArévalo Martínez, Rafael,d1884-197513aEl hombre que parecia un caballo y otros cuentos /cRafael Arévalo Martínez. aLima :bLatinoamericana,c[19 ?]. a151 p. ;c17 cm.1 aPrimer Festival del Libro Centroamericanov10 4aCuentos guatemaltecos 4aLiteratura guatemalteca 0aPrimer Festival del Libro Centroamericano,v10